000
00192nam a2200085 4500
001
1255672
005
20251211111859.0
245
_a
KAPLUMBAĞA DOLUNAYI
_c
HANNAH GOLD
260
_b
TİMAŞ YAYINLARI
999
_c
1255672
_d
1255672